prénoms féminin - Statistiques

Statistiques générales
  • Ce quiz a été pris 152 fois
  • Le résultat moyen est 40 sur 200
Statistiques - réponses
Place Lettre Prénom % Correct
76 L Lou
74%
1 A Anna
73%
94 M Marie
73%
4 A Alice
69%
62 J Julie
68%
75 L Lea
67%
52 E Emma
66%
36 C Chloe
64%
151 Z Zoe
58%
13 A Amelie
55%
63 J Julia
55%
34 C Camille
53%
78 L Louise
52%
12 A Alicia
51%
85 L Laura
51%
105 M Manon
51%
37 C Clara
50%
71 L Lucie
50%
127 R Rose
50%
59 I Ines
48%
67 J Jade
48%
64 J Juliette
48%
9 A Anais
47%
130 S Sarah
46%
27 B Beatrice
45%
29 C Charlotte
45%
119 P Pauline
45%
65 J Justine
43%
19 A Aurelie
42%
66 J Jeanne
42%
77 L Lilou
42%
82 L Lise
42%
95 M Maria
42%
136 S Sophie
40%
17 A Agathe
39%
73 L Lena
39%
18 A Ambre
38%
46 E Elise
38%
74 L Lina
38%
122 R Romane
38%
38 C Celia
37%
116 O Olivia
37%
173 A Annie
36%
32 C Clemence
36%
106 M Mathilde
36%
57 I Iris
34%
80 L Louna
34%
111 N Noemie
34%
23 A Alba
33%
79 L Luna
33%
144 V Valentine
31%
15 A Adele
30%
121 L Lila
30%
81 L Lily
30%
101 M Mia
30%
147 V Victoria
30%
8 A Amelia
29%
55 H Heloise
29%
114 N Nina
28%
146 V Victoire
28%
72 L Lana
27%
98 M Margot
27%
20 A Audrey
26%
141 T Thea
26%
49 E Elena
25%
134 S Sofia
25%
148 V Valerie
25%
96 M Maelys
24%
53 F Fanny
23%
117 O Ophelie
23%
150 Y Yasmine
23%
22 A Alma
22%
180 A Anael
22%
14 A Ava
22%
108 M Melissa
22%
110 M Morgane
22%
48 A Alix
21%
39 D Delphine
21%
99 M Margaux
21%
47 E Elsa
20%
51 E Emy
20%
56 H Helena
20%
89 L Lia
20%
103 M Mila
20%
149 V Veronique
20%
28 C Charlie
19%
44 E Estelle
19%
120 F Florence
19%
97 M Maeva
19%
192 M Melina
19%
169 A Alexia
18%
163 C Charline
18%
70 C Coralie
18%
43 E Ella
18%
54 G Gaelle
18%
190 J Jessica
18%
104 M Maya
17%
124 R Romy
17%
131 S Solene
17%
159 K Kim
16%
196 L Lara
16%
84 L Laurie
16%
112 N Naomie
16%
135 S Sophia
16%
139 T Thais
16%
118 P Paula
15%
7 A Alya
14%
58 I Inaya
14%
143 J Jasmine
14%
102 M Mya
14%
50 E Emmy
13%
125 R Roxane
13%
33 C Constance
12%
87 L Leila
12%
133 S Stella
12%
137 S Suzanne
12%
179 A Anaelle
10%
5 A Ariane
10%
24 A Assia
10%
30 C Celeste
10%
91 L Loane
10%
92 L Lya
10%
115 N Nour
10%
128 R Rosalie
10%
142 T Tania
10%
3 A Amy
9%
2 A Arya
9%
182 J Jane
9%
90 L Lyna
9%
145 V Valentina
9%
83 L Livia
8%
140 T Tiana
8%
21 A Abigael
7%
200 M Magalie
7%
10 A Ariel
6%
26 B Bianca
6%
40 D Daphnee
6%
194 L Lorie
6%
137 S Sofie
6%
154 Y Yasmina
6%
11 A Apoline
5%
123 R Romie
5%
126 R Roxanne
5%
25 A Alycia
4%
61 I Irina
4%
69 K Khloe
4%
16 A Adelie
3%
35 C Camilla
3%
31 C Celestine
3%
42 E Elie
3%
93 E Elizabeth
3%
186 J Joanna
3%
187 J Johana
3%
68 K Kylie
3%
88 L Leticia
3%
195 L Loriana
3%
113 N Norah
3%
157 Z Zoelie
3%
177 A Ania
2%
178 A Anya
2%
6 A Ashley
2%
41 D Danae
2%
189 G Genevieve
2%
181 J Jeane
2%
183 J Jena
2%
86 L Layla
2%
100 M Maddy
2%
109 M Mariane
2%
132 S Solange
2%
152 Z Zelia
2%
153 Z Zelya
2%
170 A Alexiane
1%
164 C Charlyne
1%
171 A Alexya
0%
172 A Alexyana
0%
174 A Anisa
0%
176 A Annia
0%
175 A Anysa
0%
167 B Briana
0%
168 B Brianna
0%
197 B Bruna
0%
165 B Bryana
0%
166 B Bryanna
0%
162 C Charlye
0%
45 E Estella
0%
161 E Estere
0%
160 E Esthere
0%
188 G Genieve
0%
60 I Irine
0%
191 J Jessyca
0%
184 J Joanie
0%
185 J Joannie
0%
107 M Maika
0%
193 M Meriam
0%
199 O Oxana
0%
198 O Oxanna
0%
129 R Rosaly
0%
155 Z Zoalie
0%
156 Z Zoalye
0%
158 Z Zoelye
0%
Aucun quiz correspondant
Distribution des résultats
% des personnes avec chaque résultat
Percentile par nombre de réponses
Votre historique - résultats
Vous n’avez pas pris ce quiz